000 00955nam a22002297a 4500
003 KOHA_MİRAKIL
005 20260408092537.0
008 260408b tu ||||| |||| 00| 0 tur d
020 _a9757669946
040 _aTR-AnABB
_btur
_cTR-AnABB
041 _atur
082 _a354.561009
_bSAN 2002
100 1 _aSanal, Recep
245 1 0 _aTürkiye'de yönetsel denetim ve Devlet Denetleme Kurulu /
_cRecep Sanal
260 _aAnkara :
_bTODAİE,
_c2002
300 _a424 sayfa ;
_c20 cm
505 _aİçindekiler: Yönetsel denetimin kuramsal temeli - Dünyada yönetsel denetim - Türkiye'de yönetsel denetim - Devlet Denetleme Kurulu - DDK Raporlarının sonuçları üzerine bir inceleme - Türkiye'deki Denetim birimlerinin sorunları ve devlet denetleme kurulunun geleceği
650 0 4 _aMerkezi yönetimler
650 0 4 _aMerkezi yönetimler, Denetleme ve Kontrol
900 _bCan ÇELIK
942 _2ddc
_cBK
999 _c10184
_d10184